[Event "WYCC 2018 G14"]
[Site "Halkidiki"]
[Date "2018.10.29"]
[Round "10"]
[White "Villanyi, Alexia"]
[Black "Anghel, Maria"]
[Result "1-0"]
[WhiteElo "1709"]
[BlackElo "1801"]
[Annotator "NA"]
[PlyCount "61"]
[EventDate "2018.10.20"]
[EventType "swiss"]
[EventCountry "GRE"]
[SourceTitle "playchess.com"]
[Source "ChessBase"]
[SourceQuality "1"]
[TimeControl "40/5400+30:1800+30"]

1. e4 {[%emt 0:00:00]} c5 {[%emt 0:00:00]} 2. Nf3 {[%emt 0:00:00]} e6 {[%emt 0:00:00]} 3. Nc3 {[%emt 0:00:00]} a6 {[%emt 0:00:00]} 4. d4 {[%emt 0:00:08]} cxd4 {[%emt 0:00:04]} 5. Nxd4 {[%emt 0:00:13]} Qc7 {[%emt 0:00:10]} 6. Bd3 {[%emt 0:00:34]} Nf6 {[%emt 0:00:14]} 7. Qe2 {[%emt 0:01:16]} d6 {[%emt 0:00:22]} 8. f4 {[%emt 0:03:58]} Nbd7 {[%emt 0:01:45]} 9. Be3 {[%emt 0:08:18]} b5 {[%emt 0:02:55]} 10. a3 {[%emt 0:02:55]} Bb7 {[%emt 0:01:42]} 11. O-O {[%emt 0:01:31]} Be7 {[%emt 0:00:43]} 12. Rae1 {[%emt 0:06:17]} O-O {[%emt 0:01:15]} 13. Kh1 {[%emt 0:07:14]} Nc5 {[%emt 0:03:35]} 14. Bd2 {[%emt 0:01:36]} Rfd8 {[%emt 0:08:34]} 15. Qf2 {[%emt 0:10:10]} d5 {[%emt 0:18:03]} 16. e5 {[%emt 0:11:08]} Nfe4 {[%emt 0:02:37]} 17. Qe3 {[%emt 0:09:00]} Rac8 {[%emt 0:11:10]} 18. Rf3 {[%emt 0:07:52]} g6 {[%emt 0:08:49]} 19. Ref1 {[%emt 0:06:32]} Qd7 {[%emt 0:13:57]} 20. Qe2 {[%emt 0:01:43]} Nxd2 {[%emt 0:01:13]} 21. Qxd2 {[%emt 0:00:19]} Ne4 {[%emt 0:00:35]} 22. Qe1 {[%emt 0:04:41]} Nxc3 {[%emt 0:01:04]} 23. bxc3 {[%emt 0:00:02]} Bxa3 {[%emt 0:00:47]} 24. Rg3 {[%emt 0:02:14]} Kh8 {[%emt 0:07:06]} 25. Rh3 {[%emt 0:03:13]} Be7 {[%emt 0:04:45]} 26. f5 {[%emt 0:03:19]} exf5 {[%emt 0:01:52]} 27. Nxf5 {[%emt 0:00:28]} d4 {[%emt 0:07:59]} 28. Qg3 {[%emt 0:05:34]} Rxc3 {[%emt 0:01:35]} 29. Nh6 {[%emt 0:01:08]} Rf8 {[%emt 0:01:00]} 30. Nxf7+ {[%emt 0:01:07]} Kg7 {[%emt 0:00:30]} 31. Rxh7+ {[%emt 0:00:59]} 1-0

[Event "WYCC 2018 G14"]
[Site "Halkidiki"]
[Date "2018.10.29"]
[Round "10"]
[White "Tien, Sophie"]
[Black "Bardorz, Jana"]
[Result "1-0"]
[WhiteElo "1648"]
[BlackElo "1810"]
[Annotator "NA"]
[PlyCount "61"]
[EventDate "2018.10.20"]
[EventType "swiss"]
[EventCountry "GRE"]
[SourceTitle "playchess.com"]
[Source "ChessBase"]
[SourceQuality "1"]
[TimeControl "40/5400+30:1800+30"]

1. e4 {[%emt 0:00:00]} e5 {[%emt 0:00:00]} 2. Nf3 {[%emt 0:00:00]} Nc6 {[%emt 0:00:00]} 3. Bc4 {[%emt 0:00:00]} Nf6 {[%emt 0:00:00]} 4. d3 {[%emt 0:00:45]} Bc5 {[%emt 0:00:02]} 5. c3 {[%emt 0:00:13]} d6 {[%emt 0:00:48]} 6. h3 {[%emt 0:01:22]} a6 {[%emt 0:02:00]} 7. Bb3 Ba7 {[%emt 0:01:46]} 8. Nbd2 {[%emt 0:01:36]} O-O {[%emt 0:05:30]} 9. Nf1 Ne7 {[%emt 0:00:17]} 10. Ng3 {[%emt 0:02:53]} Ng6 {[%emt 0:06:07]} 11. O-O h6 12. d4 {[%emt 0:07:27]} Re8 {[%emt 0:04:31]} 13. Re1 {[%emt 0:02:08]} Be6 {[%emt 0:03:51]} 14. Bc2 c6 15. Be3 {[%emt 0:08:34]} Qc7 {[%emt 0:09:55]} 16. Qd2 {[%emt 0:05:20]} Rad8 {[%emt 0:06:30]} 17. Nf5 {[%emt 0:08:25]} Bxf5 {[%emt 0:07:46]} 18. exf5 {[%emt 0:01:30]} e4 {[%emt 0:03:10]} 19. fxg6 {[%emt 0:04:32]} exf3 {[%emt 0:01:01]} 20. Bf4 {[%emt 0:10:07]} fxg6 {[%emt 0:09:04]} 21. Bxg6 {[%emt 0:01:32]} Rf8 {[%emt 0:01:23]} 22. Re3 {[%emt 0:06:55]} Nd5 {[%emt 0:04:33]} 23. Rxf3 {[%emt 0:01:23]} Nxf4 {[%emt 0:02:47]} 24. Rxf4 {[%emt 0:01:41]} Rxf4 {[%emt 0:01:21]} 25. Qxf4 {[%emt 0:00:40]} Rf8 {[%emt 0:00:31]} 26. Bh7+ {[%emt 0:01:20]} Kxh7 {[%emt 0:01:27]} 27. Qxf8 {[%emt 0:00:10]} d5 {[%emt 0:02:06]} 28. Re1 {[%emt 0:00:46]} Bb8 {[%emt 0:01:52]} 29. g3 {[%emt 0:00:45]} Qd6 {[%emt 0:01:49]} 30. Qf5+ {[%emt 0:01:43]} g6 {[%emt 0:00:36]} 31. Qf7+ {[%emt 0:00:14]} 1-0

[Event "WYCC 2018 G14"]
[Site "Halkidiki"]
[Date "2018.10.29"]
[Round "10"]
[White "Yellamraju, Ambica"]
[Black "Matus, Nastassja"]
[Result "1/2-1/2"]
[WhiteElo "1647"]
[BlackElo "1983"]
[Annotator "NA"]
[PlyCount "74"]
[EventDate "2018.10.20"]
[EventType "swiss"]
[EventCountry "GRE"]
[SourceTitle "playchess.com"]
[Source "ChessBase"]
[SourceQuality "1"]
[TimeControl "40/5400+30:1800+30"]

1. d4 {[%emt 0:00:00]} d5 {[%emt 0:00:00]} 2. c4 {[%emt 0:00:00]} dxc4 {[%emt 0:00:00]} 3. Nf3 {[%emt 0:00:00]} Nf6 {[%emt 0:00:00]} 4. e3 {[%emt 0:00:00]} e6 $14 {[%emt 0:00:00] LiveBook: 6019 Games} 5. Bxc4 {[%emt 0:00:00]} a6 {[%emt 0:00:00]} 6. O-O {[%emt 0:00:26]} c5 {[%emt 0:00:08]} 7. b3 {[%emt 0:00:27]} b5 {[%emt 0:01:09]} 8. Be2 {[%emt 0:00:26]} Bb7 {[%emt 0:01:12]} 9. a4 {[%emt 0:01:03]} b4 {[%emt 0:02:23]} 10. Bb2 {[%emt 0:01:13]} Nc6 {[%emt 0:02:31]} 11. Nbd2 {[%emt 0:02:00]} cxd4 {[%emt 0:15:30]} 12. Nxd4 {[%emt 0:03:27]} Nxd4 {[%emt 0:03:30]} 13. Bxd4 {[%emt 0:04:33]} Be7 {[%emt 0:02:21]} 14. Bf3 {[%emt 0:03:33]} Bxf3 {[%emt 0:04:43]} 15. Qxf3 {[%emt 0:03:08]} O-O {[%emt 0:03:42]} 16. Nc4 {[%emt 0:02:49]} Qd5 {[%emt 0:06:06]} 17. Bxf6 {[%emt 0:16:47]} Qxf3 {[%emt 0:06:30]} 18. gxf3 {[%emt 0:00:21]} Bxf6 {[%emt 0:02:57]} 19. Rac1 {[%emt 0:01:15]} Rac8 {[%emt 0:17:21]} 20. Rfd1 {[%emt 0:01:51]} Rfd8 {[%emt 0:03:18]} 21. Kf1 {[%emt 0:02:30]} Kf8 {[%emt 0:06:55]} 22. Ke2 {[%emt 0:03:03]} Rxd1 {[%emt 0:03:52]} 23. Rxd1 {[%emt 0:01:16]} Ke7 {[%emt 0:00:46]} 24. e4 {[%emt 0:05:49]} Bc3 {[%emt 0:06:27]} 25. Ke3 {[%emt 0:08:20]} e5 {[%emt 0:03:51]} 26. Rd5 {[%emt 0:03:19]} f6 {[%emt 0:02:09]} 27. f4 {[%emt 0:04:17]} exf4+ {[%emt 0:01:52]} 28. Kxf4 {[%emt 0:02:39]} Rc6 {[%emt 0:01:10]} 29. Ke3 {[%emt 0:01:44]} g5 {[%emt 0:01:43]} 30. f4 {[%emt 0:04:19]} h6 {[%emt 0:01:03]} 31. Kf3 {[%emt 0:02:07]} Ba1 {[%emt 0:01:27]} 32. h3 {[%emt 0:06:27]} Bc3 {[%emt 0:00:50]} 33. Kg4 {[%emt 0:01:00]} Re6 {[%emt 0:00:21]} 34. Kf3 {[%emt 0:01:22]} Rc6 {[%emt 0:00:10]} 35. Kg4 {[%emt 0:05:20]} Re6 {[%emt 0:00:12]} 36. Kf5 Rc6 37. Kg4 gxf4 1/2-1/2

[Event "WYCC 2018 G14"]
[Site "Halkidiki"]
[Date "2018.10.29"]
[Round "10"]
[White "Arauco Celestino, Arianna Sofia"]
[Black "Ziegenfuss, Antonia"]
[Result "1-0"]
[WhiteElo "1610"]
[BlackElo "1969"]
[Annotator "NA"]
[PlyCount "91"]
[EventDate "2018.10.20"]
[EventType "swiss"]
[EventCountry "GRE"]
[SourceTitle "playchess.com"]
[Source "ChessBase"]
[SourceQuality "1"]
[TimeControl "40/5400+30:1800+30"]

1. c4 {[%emt 0:00:00]} c5 {[%emt 0:00:00]} 2. Nf3 {[%emt 0:00:21]} Nf6 {[%emt 0:00:00]} 3. b3 {[%emt 0:00:24]} d5 {[%emt 0:01:00]} 4. cxd5 {[%emt 0:01:19]} Nxd5 {[%emt 0:00:10]} 5. Ba3 {[%emt 0:00:10]} Qa5 {[%emt 0:09:13]} 6. e4 {[%emt 0:05:16]} Nb4 {[%emt 0:04:56]} 7. Bxb4 {[%emt 0:02:21]} Qxb4 {[%emt 0:00:28]} 8. Nc3 {[%emt 0:00:43]} e6 {[%emt 0:13:57]} 9. Ne5 {[%emt 0:04:57]} Qd4 {[%emt 0:07:06]} 10. Nc4 {[%emt 0:02:54]} Nc6 {[%emt 0:04:00]} 11. Rc1 {[%emt 0:06:44]} Be7 $17 {[%emt 0:03:55]} 12. Qf3 {[%emt 0:01:22]} a6 {[%emt 0:03:36]} 13. Nb6 {[%emt 0:12:59]} Rb8 {[%emt 0:01:16]} 14. Nca4 {[%emt 0:08:23]} Bg5 {[%emt 0:09:52]} 15. Qd3 {[%emt 0:03:40]} O-O {[%emt 0:07:02]} 16. Qxd4 {[%emt 0:00:56]} cxd4 {[%emt 0:02:01]} 17. Bxa6 {[%emt 0:12:16]} Nb4 {[%emt 0:06:24]} 18. Bb5 {[%emt 0:00:33]} Nxa2 {[%emt 0:02:40]} 19. Rc2 {[%emt 0:03:38]} Nb4 {[%emt 0:00:33]} 20. Rc4 {[%emt 0:00:04]} Nd3+ {[%emt 0:01:32]} 21. Ke2 {[%emt 0:00:05]} Nf4+ {[%emt 0:03:25]} 22. Kf3 {[%emt 0:00:11]} Rd8 {[%emt 0:02:58]} 23. Rc5 {[%emt 0:15:24]} e5 {[%emt 0:05:20]} 24. Rxe5 {[%emt 0:04:24]} f6 {[%emt 0:00:51]} 25. Bc4+ {[%emt 0:03:44]} Kf8 {[%emt 0:01:13]} 26. Rc5 {[%emt 0:00:07]} Be6 {[%emt 0:01:31]} 27. g3 {[%emt 0:02:19]} Bxc4 {[%emt 0:03:19]} 28. gxf4 {[%emt 0:00:09]} Bxb3 {[%emt 0:01:00]} 29. fxg5 {[%emt 0:00:20]} Bxa4 {[%emt 0:00:32]} 30. Nxa4 {[%emt 0:00:06]} b5 {[%emt 0:00:09]} 31. Nb2 {[%emt 0:00:51]} fxg5 {[%emt 0:00:06]} 32. Nd3 {[%emt 0:01:17]} b4 {[%emt 0:01:08]} 33. Rb1 {[%emt 0:00:07]} b3 {[%emt 0:00:06]} 34. Nc1 {[%emt 0:00:18]} b2 {[%emt 0:00:52]} 35. Nd3 {[%emt 0:00:37]} Rb3 {[%emt 0:00:07]} 36. Ke2 {[%emt 0:00:04]} Re8 {[%emt 0:00:51]} 37. f3 {[%emt 0:00:19]} g4 {[%emt 0:00:15]} 38. Rf5+ {[%emt 0:00:43]} Kg8 {[%emt 0:00:25]} 39. Rxb2 {[%emt 0:00:29]} gxf3+ {[%emt 0:00:12]} 40. Rxf3 {[%emt 0:00:00]} Rxe4+ {[%emt 0:00:00]} 41. Kf2 {[%emt 0:00:47]} Rxb2 {[%emt 0:00:28]} 42. Nxb2 {[%emt 0:00:05]} g6 {[%emt 0:01:06]} 43. Nd3 {[%emt 0:01:12]} Re6 {[%emt 0:02:11]} 44. Nc5 {[%emt 0:00:41]} Rc6 {[%emt 0:00:24]} 45. Nb3 {[%emt 0:00:25]} Rc2 {[%emt 0:00:58]} 46. Ke2 {[%emt 0:00:35]} 1-0

[Event "WYCC 2018 G14"]
[Site "Halkidiki"]
[Date "2018.10.29"]
[Round "10"]
[White "Yan, Ashley Mei"]
[Black "Guillo Longares, Cecilia"]
[Result "0-1"]
[WhiteElo "1565"]
[BlackElo "1998"]
[Annotator "NA"]
[PlyCount "104"]
[EventDate "2018.10.20"]
[EventType "swiss"]
[EventCountry "GRE"]
[SourceTitle "playchess.com"]
[Source "ChessBase"]
[SourceQuality "1"]
[TimeControl "40/5400+30:1800+30"]

1. e4 {[%emt 0:00:00]} c5 {[%emt 0:00:00]} 2. c3 {[%emt 0:00:00]} Nf6 {[%emt 0:00:00]} 3. e5 {[%emt 0:00:00]} Nd5 {[%emt 0:00:00]} 4. d4 {[%emt 0:00:00]} cxd4 {[%emt 0:00:00]} 5. Nf3 {[%emt 0:00:00]} e6 {[%emt 0:00:00]} 6. cxd4 {[%emt 0:00:02]} d6 {[%emt 0:00:00]} 7. Bc4 {[%emt 0:06:03]} Nc6 {[%emt 0:00:25]} 8. O-O {[%emt 0:00:23]} Be7 {[%emt 0:00:25]} 9. Qe2 {[%emt 0:00:47]} O-O {[%emt 0:00:21]} 10. Nc3 {[%emt 0:01:12]} Nxc3 {[%emt 0:02:03]} 11. bxc3 {[%emt 0:00:10]} dxe5 {[%emt 0:03:38]} 12. dxe5 {[%emt 0:00:34]} Qc7 {[%emt 0:01:02]} 13. Qe4 {[%emt 0:03:37]} Rd8 {[%emt 0:02:03]} 14. Bd3 {[%emt 0:11:25]} g6 {[%emt 0:04:17]} 15. Re1 {[%emt 0:11:55]} b6 {[%emt 0:08:29]} 16. Bf4 $15 {[%emt 0:12:12]} Bb7 {[%emt 0:00:40]} 17. Qe2 {[%emt 0:02:10]} Na5 {[%emt 0:04:12]} 18. Rac1 {[%emt 0:06:10]} Ba3 {[%emt 0:02:35]} 19. Rc2 {[%emt 0:03:11]} Bc6 {[%emt 0:04:09]} 20. Nd4 {[%emt 0:09:09]} Ba4 {[%emt 0:07:27]} 21. Nb5 {[%emt 0:09:33]} Qd7 {[%emt 0:01:37]} 22. Rd2 {[%emt 0:06:08]} Bxb5 {[%emt 0:00:52]} 23. Bxb5 {[%emt 0:00:20]} Qc7 {[%emt 0:00:06]} 24. Red1 {[%emt 0:03:08]} Rxd2 {[%emt 0:03:08]} 25. Qxd2 {[%emt 0:00:26]} Bf8 {[%emt 0:03:39]} 26. Qd7 {[%emt 0:04:48]} Qxc3 {[%emt 0:02:41]} 27. Rc1 {[%emt 0:00:37]} Qb4 {[%emt 0:02:39]} 28. Bg5 {[%emt 0:01:54]} Bc5 {[%emt 0:01:42]} 29. Rd1 {[%emt 0:03:42]} Qe4 {[%emt 0:14:46]} 30. Bh6 {[%emt 0:01:05]} Bxf2+ {[%emt 0:03:42]} 31. Kh1 {[%emt 0:01:31]} Qh4 {[%emt 0:01:27]} 32. Rf1 {[%emt 0:01:43]} Qxh6 {[%emt 0:04:45]} 33. Rxf2 {[%emt 0:00:08]} Qf8 {[%emt 0:01:31]} 34. h3 {[%emt 0:01:37]} a6 {[%emt 0:01:46]} 35. Be2 {[%emt 0:00:27]} Qg7 {[%emt 0:05:27]} 36. Qc7 {[%emt 0:01:09]} f5 37. Qxg7+ Kxg7 {[%emt 0:00:35]} 38. Rf1 {[%emt 0:01:02]} b5 {[%emt 0:00:20]} 39. Rd1 {[%emt 0:00:21]} Ra7 {[%emt 0:01:06]} 40. Rd6 {[%emt 0:00:00]} Kf7 {[%emt 0:00:00]} 41. Kg1 {[%emt 0:08:27]} Ke7 {[%emt 0:01:29]} 42. Kf2 {[%emt 0:06:24]} Nb7 {[%emt 0:00:52]} 43. Rc6 {[%emt 0:07:23]} Nd8 {[%emt 0:00:34]} 44. Rc5 {[%emt 0:01:29]} Kd7 {[%emt 0:00:50]} 45. Ke3 {[%emt 0:04:19]} Rc7 {[%emt 0:04:05]} 46. Kd4 Nc6+ {[%emt 0:01:13]} 47. Ke3 {[%emt 0:02:09]} Nb4 {[%emt 0:00:24]} 48. Rxc7+ {[%emt 0:00:38]} Kxc7 49. Kd4 Nxa2 {[%emt 0:02:24]} 50. Kc5 {[%emt 0:02:04]} Nc3 {[%emt 0:01:16]} 51. Bf3 {[%emt 0:00:45]} a5 {[%emt 0:01:45]} 52. Bc6 {[%emt 0:01:00]} b4 {[%emt 0:00:48]} 0-1

[Event "WYCC 2018 G14"]
[Site "Halkidiki"]
[Date "2018.10.29"]
[Round "10"]
[White "Burdot, Clara"]
[Black "Zaritovskaja, Margarita"]
[Result "0-1"]
[WhiteElo "1472"]
[BlackElo "1731"]
[Annotator "NA"]
[PlyCount "74"]
[EventDate "2018.10.20"]
[EventType "swiss"]
[EventCountry "GRE"]
[SourceTitle "playchess.com"]
[Source "ChessBase"]
[SourceQuality "1"]
[TimeControl "40/5400+30:1800+30"]

1. e4 {[%emt 0:00:00]} c5 {[%emt 0:00:00]} 2. c3 {[%emt 0:00:00]} d5 {[%emt 0:00:00]} 3. exd5 {[%emt 0:00:00]} Qxd5 {[%emt 0:00:00]} 4. d4 {[%emt 0:00:00]} Nc6 {[%emt 0:00:00]} 5. Nf3 {[%emt 0:00:04]} Bf5 {[%emt 0:00:00]} 6. Be3 {[%emt 0:04:30]} Nf6 {[%emt 0:00:34]} 7. Be2 {[%emt 0:01:25]} g6 {[%emt 0:05:54]} 8. dxc5 {[%emt 0:05:08]} Qxd1+ {[%emt 0:05:51]} 9. Bxd1 {[%emt 0:00:23]} Nd5 {[%emt 0:08:01]} 10. Bd4 {[%emt 0:05:49]} f6 {[%emt 0:04:59]} 11. Bb3 {[%emt 0:04:28]} Nf4 {[%emt 0:10:21]} 12. O-O {[%emt 0:08:29]} O-O-O {[%emt 0:07:52]} 13. Re1 {[%emt 0:06:24]} e5 {[%emt 0:07:19]} 14. Be3 {[%emt 0:03:03]} Nd3 {[%emt 0:01:22]} 15. Re2 {[%emt 0:01:56]} Bxc5 {[%emt 0:04:13]} 16. Bh6 {[%emt 0:07:59]} e4 {[%emt 0:18:01]} 17. Ne1 {[%emt 0:05:01]} Bg4 {[%emt 0:07:44]} 18. Nxd3 {[%emt 0:05:05]} exd3 {[%emt 0:01:15]} 19. Re4 {[%emt 0:02:20]} Rhe8 {[%emt 0:02:52]} 20. Nd2 {[%emt 0:02:42]} Bf5 {[%emt 0:00:45]} 21. Ree1 {[%emt 0:02:41]} g5 {[%emt 0:05:33]} 22. Bg7 {[%emt 0:02:14]} Re2 {[%emt 0:00:48]} 23. Rxe2 {[%emt 0:02:23]} dxe2 {[%emt 0:00:04]} 24. Nf3 {[%emt 0:00:57]} Na5 {[%emt 0:02:13]} 25. Re1 {[%emt 0:02:23]} Nxb3 {[%emt 0:00:19]} 26. axb3 {[%emt 0:00:07]} Rd1 {[%emt 0:00:32]} 27. g3 {[%emt 0:04:11]} g4 {[%emt 0:00:47]} 28. Kg2 {[%emt 0:00:57]} gxf3+ {[%emt 0:00:05]} 29. Kxf3 {[%emt 0:00:09]} Rxe1 {[%emt 0:00:11]} 30. Bxf6 {[%emt 0:00:20]} Bd3 {[%emt 0:00:18]} 31. Bg5 {[%emt 0:00:27]} Rd1 {[%emt 0:00:20]} 32. Be3 {[%emt 0:01:00]} Bxe3 {[%emt 0:00:23]} 33. fxe3 {[%emt 0:00:12]} e1=Q {[%emt 0:00:08]} 34. Kg4 {[%emt 0:00:17]} Qxe3 {[%emt 0:00:09]} 35. Kh3 {[%emt 0:00:19]} Qg5 {[%emt 0:00:59]} 36. g4 {[%emt 0:00:21]} Rg1 {[%emt 0:00:34]} 37. c4 {[%emt 0:00:09]} Qxg4# {[%emt 0:00:05]} 0-1

[Event "WYCC 2018 G14"]
[Site "Halkidiki"]
[Date "2018.10.30"]
[Round "11"]
[White "Nurgali, Nazerke"]
[Black "Arauco Celestino, Arianna Sofia"]
[Result "1-0"]
[WhiteElo "2263"]
[BlackElo "1610"]
[Annotator "NA"]
[PlyCount "41"]
[EventDate "2018.10.20"]
[EventType "swiss"]
[EventCountry "GRE"]
[SourceTitle "playchess.com"]
[Source "ChessBase"]
[SourceQuality "1"]
[TimeControl "40/5400+30:1800+30"]

1. d4 {[%emt 0:00:00]} Nf6 {[%emt 0:02:38]} 2. c4 {[%emt 0:00:00]} e6 3. g3 {[%emt 0:00:06]} d5 {[%emt 0:01:17]} 4. Nf3 {[%emt 0:00:21]} dxc4 {[%emt 0:00:10]} 5. Bg2 {[%emt 0:00:15]} Bb4+ {[%emt 0:00:09]} 6. Bd2 {[%emt 0:01:25]} a5 {[%emt 0:00:10]} 7. O-O {[%emt 0:01:29]} O-O {[%emt 0:00:41] E04: Open Catalan: 5 Nf3} 8. Qc2 {[%emt 0:05:52]} (8. Bg5 h6 9. Bxf6 Qxf6 10. a3 Bd6 11. Nc3 Nc6 12. Rc1 e5 13. d5 Nd4 14. Nxd4 exd4 15. Ne4 {0-1 (66) Ding,L (2777)-Wang,H (2709) Huaian 2017}) 8... Bxd2 {[%emt 0:00:29]} 9. Nbxd2 {[%emt 0:00:10]} b5 {[%emt 0:00:20]} 10. a4 {[%emt 0:01:17]} c6 {[%emt 0:00:23]} 11. e4 {[%emt 0:00:53]} Na6 {[%emt 0:09:46] LiveBook: 8 Games} 12. Qc3 {[%emt 0:02:27]} Nb4 {[%emt 0:04:06]} 13. Ne5 {[%emt 0:03:57]} Bb7 $146 {[%emt 0:01:08]} ({Better is Predecessor:} 13... Nd7 $15 14. Nxd7 Qxd7 {0-1 (36) Dimic,P (2356)-Livaic,L (2468) Skopje 2018}) 14. b3 {[%emt 0:02:14]} cxb3 {[%emt 0:08:44]} 15. Nxb3 {[%emt 0:00:07]} Qb6 {[%emt 0:02:43]} 16. Nc5 {[%emt 0:03:02]} Rfd8 {[%emt 0:01:06]} 17. Rfd1 {[%emt 0:01:22]} Rd6 {[%emt 0:07:07]} 18. Qb2 {[%emt 0:03:38]} Rad8 {[%emt 0:17:01]} 19. axb5 {[%emt 0:07:13]} Qxb5 {[%emt 0:08:24]} 20. Rac1 $18 {[%emt 0:25:37]} Na6 {[%emt 0:02:52]} 21. Qxb5 {[%emt 0:00:13]} 1-0

[Event "WYCC 2018 G14"]
[Site "Halkidiki"]
[Date "2018.10.30"]
[Round "11"]
[White "Caglar, Sila"]
[Black "Randrianarimanana, Alicia"]
[Result "1-0"]
[WhiteElo "2184"]
[BlackElo "1947"]
[Annotator "NA"]
[PlyCount "71"]
[EventDate "2018.10.20"]
[EventType "swiss"]
[EventCountry "GRE"]
[SourceTitle "playchess.com"]
[Source "ChessBase"]
[SourceQuality "1"]
[TimeControl "40/5400+30:1800+30"]

1. e4 {[%emt 0:00:00]} c5 {[%emt 0:00:00]} 2. Nf3 {[%emt 0:00:00]} Nf6 {[%emt 0:00:00]} 3. Nc3 {[%emt 0:00:07]} Nc6 {[%emt 0:00:00]} 4. d4 {[%emt 0:00:07]} d5 {[%emt 0:00:02]} 5. e5 {[%emt 0:10:04] B29: Sicilian: 2 Nf3 Nf6 (Nimzowitsch Variation)} (5. exd5 Nxd5 6. dxc5 Nxc3 7. Qxd8+ Nxd8 8. bxc3 f6 9. Be3 e5 10. Nd2 Bd7 11. O-O-O Rc8 12. Ne4 Ne6 13. Nd6+ Bxd6 14. cxd6 b6 15. Ba6 Rc6 16. c4 Rxc4 {1-0 (53) Kravtsiv,M (2654)-Bakunts,R (2427) Ahmedabad 2018}) 5... Ne4 {[%emt 0:00:45]} 6. dxc5 {[%emt 0:00:51]} Nxc3 {[%emt 0:03:31]} 7. bxc3 {[%emt 0:00:06]} Bg4 {[%emt 0:04:16]} 8. Bf4 $146 {[%emt 0:02:49]} ({Predecessor:} 8. Be2 e6 9. Be3 Bxf3 10. Bxf3 Nxe5 11. O-O Nxf3+ 12. Qxf3 Qc7 {½-½ (31) Preiser,H-Cvicela,A (2170) Znojmo 2003}) 8... Qa5 {[%emt 0:22:56]} 9. Qd3 {[%emt 0:03:56]} e6 {[%emt 0:13:38]} 10. Rb1 {[%emt 0:03:32]} Qc7 {[%emt 0:31:39]} 11. Nd4 {[%emt 0:06:33]} a6 {[%emt 0:00:05]} 12. Qg3 {[%emt 0:03:44]} Bh5 {[%emt 0:00:20]} 13. Nb3 {[%emt 0:00:52]} Bg6 {[%emt 0:00:38]} 14. Bd3 {[%emt 0:00:08]} Ne7 {[%emt 0:00:14]} 15. h4 {[%emt 0:01:54]} Nf5 {[%emt 0:01:05]} 16. Qf3 {[%emt 0:01:24]} h5 {[%emt 0:00:35]} 17. Nd4 {[%emt 0:01:41]} Ne7 {[%emt 0:05:16]} 18. O-O {[%emt 0:04:44]} Bxd3 {[%emt 0:08:28]} 19. cxd3 {[%emt 0:00:31]} Ng6 {[%emt 0:00:06]} 20. Qg3 {[%emt 0:00:25]} Nxf4 {[%emt 0:00:42]} 21. Qxf4 {[%emt 0:00:11]} Bxc5 {[%emt 0:00:11]} 22. Nf3 {[%emt 0:00:59]} b5 {[%emt 0:04:06]} 23. a4 {[%emt 0:02:24]} bxa4 {[%emt 0:00:22]} 24. Qxa4+ {[%emt 0:00:17]} Kf8 {[%emt 0:00:53]} 25. Rb3 {[%emt 0:00:37]} g6 {[%emt 0:00:52]} 26. Rfb1 {[%emt 0:00:11]} Kg7 {[%emt 0:00:14]} 27. Rb7 {[%emt 0:00:06]} Qc8 {[%emt 0:00:13]} 28. d4 {[%emt 0:00:46]} Bxd4 {[%emt 0:01:55]} 29. Qxd4 {[%emt 0:00:22]} Rf8 {[%emt 0:00:17]} 30. Ng5 {[%emt 0:00:06]} Kg8 {[%emt 0:00:33]} 31. Qf4 {[%emt 0:00:23]} Qe8 {[%emt 0:00:43]} 32. Qf6 {[%emt 0:00:12]} Qd8 {[%emt 0:00:13]} 33. Re7 {[%emt 0:00:12]} Qxe7 {[%emt 0:00:51]} 34. Qxe7 {[%emt 0:00:07]} a5 {[%emt 0:00:25]} 35. Rb7 {[%emt 0:00:23]} a4 {[%emt 0:00:46]} 36. Nxf7 {[%emt 0:00:06]} 1-0

[Event "WYCC 2018 G14"]
[Site "Halkidiki"]
[Date "2018.10.30"]
[Round "11"]
[White "Divya Deshmukh"]
[Black "Ning, Kaiyu"]
[Result "1-0"]
[WhiteElo "2180"]
[BlackElo "2217"]
[Annotator "NA"]
[PlyCount "75"]
[EventDate "2018.10.20"]
[EventType "swiss"]
[EventCountry "GRE"]
[SourceTitle "playchess.com"]
[Source "ChessBase"]
[SourceQuality "1"]
[TimeControl "40/5400+30:1800+30"]

1. e4 {[%emt 0:00:00]} e6 {[%emt 0:00:00]} 2. Nf3 {[%emt 0:00:00]} d5 {[%emt 0:00:00]} 3. Nc3 {[%emt 0:00:00]} Nf6 {[%emt 0:00:00]} 4. e5 {[%emt 0:00:00]} Nfd7 {[%emt 0:00:00]} 5. d4 {[%emt 0:00:00]} c5 {[%emt 0:00:00]} 6. dxc5 {[%emt 0:00:00]} Nc6 {[%emt 0:00:02]} 7. Bf4 {[%emt 0:00:00]} Nxc5 {[%emt 0:00:33]} 8. a3 {[%emt 0:02:47]} Be7 {[%emt 0:01:22] C11: French: Classical System: 4 e5 and 4 Bg5 dxe4} 9. b4 {[%emt 0:04:10]} Nd7 {[%emt 0:09:33]} 10. Qd2 $146 {[%emt 0:00:57]} ({Predecessor:} 10. Nb5 O-O 11. c4 a5 12. bxa5 Qxa5+ 13. Bd2 Qa4 14. cxd5 exd5 15. Nc7 Qe4+ 16. Be3 Rxa3 17. Rxa3 Bxa3 {0-1 (65) Aronian,L (2562)-Lputian,S (2608) Yerevan 2001}) 10... f6 {[%emt 0:16:21]} 11. Bb5 {[%emt 0:04:41]} O-O {[%emt 0:08:51]} 12. Bxc6 {[%emt 0:07:06]} bxc6 {[%emt 0:00:18]} 13. O-O {[%emt 0:05:11]} f5 {[%emt 0:03:41]} 14. Nd4 {[%emt 0:05:04]} Nb8 {[%emt 0:00:38]} 15. Be3 {[%emt 0:02:49]} a5 {[%emt 0:08:03]} 16. Nce2 {[%emt 0:02:32]} a4 {[%emt 0:08:21]} 17. c4 {[%emt 0:06:34]} dxc4 {[%emt 0:07:30]} 18. Qc3 {[%emt 0:01:50]} g5 {[%emt 0:08:23]} 19. f4 {[%emt 0:03:40]} g4 {[%emt 0:03:19]} (19... c5 $16 {was worth a try.}) 20. Rfd1 {[%emt 0:01:35]} Qe8 {[%emt 0:00:21]} 21. Qxc4 {[%emt 0:00:08]} Qf7 {[%emt 0:00:25]} 22. Nxc6 {[%emt 0:01:25]} Nxc6 {[%emt 0:02:46]} 23. Qxc6 {[%emt 0:00:18]} Ra6 {[%emt 0:02:31]} 24. Qc7 {[%emt 0:00:19]} Ra8 {[%emt 0:04:36]} 25. b5 {[%emt 0:06:22]} Bd8 $18 {[%emt 0:01:11]} 26. Qxf7+ {[%emt 0:06:25]} Kxf7 {[%emt 0:00:04]} 27. Rac1 {[%emt 0:04:49]} Rb8 {[%emt 0:03:32]} 28. Bc5 {[%emt 0:06:23]} Re8 {[%emt 0:00:04]} 29. Nd4 {[%emt 0:00:09]} Ba5 {[%emt 0:03:30]} 30. Rc4 {[%emt 0:00:47]} Rb7 {[%emt 0:01:42]} 31. Rxa4 {[%emt 0:01:35]} Bc3 {[%emt 0:00:08]} 32. b6 {[%emt 0:01:26]} Bd7 {[%emt 0:00:24]} 33. Rc4 {[%emt 0:00:33]} Bxd4+ {[%emt 0:00:21]} 34. Rcxd4 {[%emt 0:00:04]} Rd8 {[%emt 0:01:34]} 35. a4 {[%emt 0:00:26]} Ke8 {[%emt 0:00:12]} 36. Bd6 {[%emt 0:01:05]} Bc6 {[%emt 0:02:35]} 37. Bc7 {[%emt 0:00:32]} Rd5 {[%emt 0:01:14]} 38. Rxd5 {[%emt 0:00:11]} 1-0